000 00458ntaaa2200181 4500
003 01
005 20251027202128.0
008 0714s1973 ag 01
040 _aAR-BaBN
_bspa
_cAR-BaBN
_eaacr
_dRIC
082 _a261.8500 C28
100 _aCatherwood, H.F.R.
_919785
245 _aThe christian in industrial society
250 _a1 ed.
260 _aLondon :
_bTyndale Press,
_cc1966
300 _axiv, 130 p
650 _aetica social
_91916
942 _cBK
999 _c16190
_d16190